000 00577nam a2200229Ia 4500
003 OSt
005 20221005120455.0
006 a|||||r|||| 00| 0
007 ta
008 221004b |||||||| |||| 00| 0 mal d
024 _a56663
037 _cTextual
040 _aCRL
_cCRL
_bmal
041 _2mal
_amal
082 _aO32,3NKN,12, K1
100 _aKovilan
_9205322
245 0 _aEe jeevitham anathamanu
260 _c1961
650 _aMALAYALAM LITERATURE
_938866
942 _hO32,3NKN,12, K1
_cTEXL
_2cc
999 _c1038177
_d1038177